El proceso del aprendizaje cómo aprende el adulto

Esta obra ha sido concebida como una introducción, como una guía que pretende auxiliar en la investigación de lo que se conoce con respecto al aprendizaje de los adultos.

Uloženo v:
Podrobná bibliografie
Hlavní autor: Kidd, J. R.
Médium: Kniha
Jazyk:Spanish
Vydáno: Buenos Aires: Editorial El Ateneo, 1973
Edice:Biblioteca nuevas orientaciones de la educación
Témata:
On-line přístup:Enlace del recurso
Tagy: Přidat tag
Žádné tagy, Buďte první, kdo vytvoří štítek k tomuto záznamu!

MARC

LEADER 00000nam a2200000 a 4500
001 001243
008 030714s1973 ag # fr# #001|0#spa#d
041 0 |a spa 
043 |a s-ag--- 
082 0 4 |a 374.007  |b K322p 
100 1 |a Kidd, J. R. 
245 1 3 |a El proceso del aprendizaje  |b cómo aprende el adulto   |c J. R. Kidd 
260 |a Buenos Aires:  |b Editorial El Ateneo,  |c 1973 
300 |a 255 p. 
440 0 |a Biblioteca nuevas orientaciones de la educación 
504 |a Incluye bibliografía e índice. 
520 3 |a Esta obra ha sido concebida como una introducción, como una guía que pretende auxiliar en la investigación de lo que se conoce con respecto al aprendizaje de los adultos. 
534 |p Título original:  |t How adults learn 
650 1 4 |a EDUCACIÓN DE ADULTOS 
650 1 4 |a APRENDIZAJE 
999 |c 3395  |d 3395 
856 |u https://catalogo.idep.edu.co/cgi-bin/koha/opac-detail.pl?biblionumber=3395  |z Enlace del recurso